000 00661nam a2200193 i 4500
001 bg
245 0 0 _aRaport o stanie przemysłu w roku 1997 :
_bPolska /
_cMinisterstwo Gospodarki ; [red. zespół Maria Szkutnicka-Pieniążek et al. ; aut. oprac. cząstk. Jan Binda].
260 _aWarszawa :
_bMG,
_c1998.
300 _a304 s. :
_bwykr. kolor. ;
_c24 cm.
650 9 _aPrzemysł
_astatystyka
_zPolska
_yod 1989 r.
700 1 _aSZKUTNICKA-PIENIĄŻEK, Maria.
_eRed.
700 1 _aBINDA, Jan.
710 0 _aMinisterstwo Gospodarki
040 _cBPK
041 0 _apl
080 _a66/69(438)"1994"
942 _cKS
008 s pl f |000 0 pol
999 _c34097
_d34097
856 _uhttp://koha.tu.koszalin.pl/cgi-bin/koha/opac-detail.pl?biblionumber=34097
_yKatalog online BPK